Aguas termales clorurado-sódicas bicarbonatadas, alcalinas, nitrogenadas de Hoznayo (Fuentes del Francés) en el pueblo de Término, provincia de Santander. (Record no. 20211)

MARC details
000 -LEADER
campo de control de longitud fija 01631nam a2200289 i 4500
001 - NÚMERO DE CONTROL
campo de control 20211
003 - IDENTIFICADOR DE NÚMERO DE CONTROL
campo de control ES-MaACL
005 - FECHA Y HORA DE LA ÚLTIMA TRANSACCIÓN
campo de control 20250904002402.0
007 - CAMPO FIJO DE DESCRIPCIÓN FÍSICA--INFORMACIÓN GENERAL
campo de control de longitud fija t|
008 - DATOS DE LONGITUD FIJA--INFORMACIÓN GENERAL
campo de control de longitud fija 021108s1881 sp ||||1| spa d
245 00 - MENCIÓN DEL TÍTULO
Título Aguas termales clorurado-sódicas bicarbonatadas, alcalinas, nitrogenadas de Hoznayo (Fuentes del Francés) en el pueblo de Término, provincia de Santander.
246 34 - FORMA VARIANTE DEL TITULO
Título propio/Titulo breve Análisis químico de la aguas minerales de Hoznayo (Fuentes del Francés), provincia de Santander.
260 ## - PUBLICACIÓN, DISTRIBUCIÓN, ETC.
Lugar de publicación, distribución, etc. Santander :
Nombre del editor, distribuidor, etc. [s.n.],
Fecha de publicación, distribución, etc. 1881 (
Fabricante Imp. y Lit. de J.M. Martínez)
300 ## - DESCRIPCIÓN FÍSICA
Extensión 56, [6] p., [1] h. pleg. :
Otras características físicas il. ;
Dimensiones 22 cm.
505 8# - NOTA DE CONTENIDO CON FORMATO
Nota de contenido con formato Contiene: Análisis de las aguas / practicado por los señores D. José María Cagigal Ruiz y D. José Escalante y González . Memoria médica acerca del modo de obrar de las aguas de Hoznayo, Término (Fuentes del Francés) / redactada por los doctores D. Modesto Martínez Pacheco, D. Laureano García Camisón y D. Santiago González Encinas
530 ## - NOTA DISPONIBLE DE FORMULARIO FÍSICO ADICIONAL
Nota de formato físico adicional disponible Disponible en formato digital.
650 #4 - PUNTO DE ACCESO ADICIONAL DE MATERIA--TÉRMINO DE MATERIA
Término de materia o nombre geográfico como elemento de entrada Aguas minerales-
Subdivisión geográfica Santander (Provincia)
9 (RLIN) 172329
650 #4 - PUNTO DE ACCESO ADICIONAL DE MATERIA--TÉRMINO DE MATERIA
Término de materia o nombre geográfico como elemento de entrada Fuentes termales-
Subdivisión geográfica Santander (Provincia)
9 (RLIN) 172331
700 1# - ENTRADA AGREGADA--NOMBRE PERSONAL
Nombre de persona Cagigal Ruiz, José María.
9 (RLIN) 33425
700 1# - ENTRADA AGREGADA--NOMBRE PERSONAL
Nombre de persona Escalante González, José.
9 (RLIN) 47469
700 1# - ENTRADA AGREGADA--NOMBRE PERSONAL
Nombre de persona Martínez Pacheco, Modesto,
Fechas asociadas al nombre 1838-1898
9 (RLIN) 129634
700 1# - ENTRADA AGREGADA--NOMBRE PERSONAL
Nombre de persona García Camisón, Laureano (
Fechas asociadas al nombre 1836-1910)
9 (RLIN) 172330
700 1# - ENTRADA AGREGADA--NOMBRE PERSONAL
Nombre de persona González Encinas, Santiago,
Fechas asociadas al nombre 1836-1887
9 (RLIN) 127406
852 ## - LOCALIZACIÓN
Ubicación ES-MaACL
Número de control de estantería T-362-F-21
856 ## - LOCALIZACIÓN Y ACCESO ELECTRÓNICOS
Identificador Uniforme de Recursos <a href="http://bdh-rd.bne.es/viewer.vm?id=0000087997&page=1 ">http://bdh-rd.bne.es/viewer.vm?id=0000087997&page=1 </a>
Nota pública Biblioteca Digital Hispánica
Holdings
Estatus retirado Estado de pérdida Estado de daño No para préstamo Colección Biblioteca de origen Biblioteca actual Ubicación en estantería Fecha de adquisición Fuente de adquisición Total de préstamos Signatura topográfica completa Código de barras Visto por última vez Precio de reemplazo Tipo de ítem Koha
        Colección de folletos Biblioteca del Ateneo de Madrid Biblioteca del Ateneo de Madrid Depósito folletos 17/01/2008     T-362-F-21 1020716 23/02/2023 23/02/2023 Folleto